Let us now praise famous men; : (Registro nro. 17490)
[ vista simple ]
| 000 -CABECERA | |
|---|---|
| campo de control de longitud fija | 01012cam a22002771 4500 |
| 001 - NÚMERO DE CONTROL | |
| campo de control | 000017966 |
| 005 - FECHA Y HORA DE LA ÚLTIMA TRANSACCIÓN | |
| campo de control | 20200929165310.0 |
| 008 - DATOS DE LONGITUD FIJA--INFORMACIÓN GENERAL | |
| campo de control de longitud fija | 730208s1960 maua 000 0 eng |
| 010 ## - NÚMERO DE CONTROL DE LA BIBLIOTECA DEL CONGRESO | |
| Número de control de LC | 60004027 |
| 040 ## - FUENTE DE LA CATALOGACIÓN | |
| Centro catalogador/agencia de origen | DO-SdBNP |
| Centro/agencia transcriptor | DLC |
| Centro/agencia modificador | DLC |
| 043 ## - CÓDIGO DE ÁREA GEOGRÁFICA | |
| Código de área geográfica | n-us-al |
| 050 00 - SIGNATURA TOPOGRÁFICA DE LA BIBLIOTECA DEL CONGRESO | |
| Número de clasificación | F326 |
| Número de documento/Ítem | .A17 1960 |
| 082 00 - NÚMERO DE LA CLASIFICACIÓN DECIMAL DEWEY | |
| Número de clasificación | 917.61 |
| 100 1# - ENTRADA PRINCIPAL--NOMBRE DE PERSONA | |
| Nombre de persona | Agee, James, |
| Fechas asociadas al nombre | 1909-1955. |
| 9 (RLIN) | 11051 |
| 245 10 - MENCIÓN DE TÍTULO | |
| Título | Let us now praise famous men; : |
| Resto del título | three tenant families / |
| Mención de responsabilidad, etc. | [by] James Agee [and] Walker Evans. |
| 260 ## - PUBLICACIÓN, DISTRIBUCIÓN, ETC. | |
| Lugar de publicación, distribución, etc. | Boston, : |
| Nombre del editor, distribuidor, etc. | Houghton Mifflin, |
| Fecha de publicación, distribución, etc. | [1960]. |
| 300 ## - DESCRIPCIÓN FÍSICA | |
| Extensión | xxii, 471 p. : |
| Otras características físicas | illus. ; |
| Dimensiones | 22 cm. |
| 651 #0 - PUNTO DE ACCESO ADICIONAL DE MATERIA--NOMBRE GEOGRÁFICO | |
| Nombre geográfico | Alabama |
| Subdivisión general | Rural Conditions. |
| 9 (RLIN) | 38952 |
| 650 #0 - PUNTO DE ACCESO ADICIONAL DE MATERIA--TÉRMINO DE MATERIA | |
| Término de materia o nombre geográfico como elemento de entrada | Cotton farmers |
| Subdivisión geográfica | Alabama |
| Subdivisión general | History |
| Subdivisión cronológica | 20th century. |
| 9 (RLIN) | 38953 |
| 600 10 - PUNTO DE ACCESO ADICIONAL DE MATERIA--NOMBRE DE PERSONA | |
| Nombre de persona | Agee, James, |
| Fechas asociadas al nombre | 1909-1955 |
| Subdivisión general | Travel |
| Subdivisión geográfica | Alabama. |
| 9 (RLIN) | 38954 |
| 651 #0 - PUNTO DE ACCESO ADICIONAL DE MATERIA--NOMBRE GEOGRÁFICO | |
| Nombre geográfico | Alabama |
| Subdivisión general | Description And Travel. |
| 9 (RLIN) | 38955 |
| 650 #0 - PUNTO DE ACCESO ADICIONAL DE MATERIA--TÉRMINO DE MATERIA | |
| Término de materia o nombre geográfico como elemento de entrada | Farm tenancy |
| Subdivisión geográfica | Alabama |
| Subdivisión general | History |
| Subdivisión cronológica | 20th century. |
| 9 (RLIN) | 38956 |
| 700 1# - PUNTO DE ACCESO ADICIONAL--NOMBRE DE PERSONA | |
| Nombre de persona | Evans, Walker, |
| Fechas asociadas al nombre | 1903-1975 |
| Término indicativo de función/relación | joint author. |
| 9 (RLIN) | 38957 |
| 740 0# - PUNTO DE ACCESO ADICIONAL--TÍTULO RELACIONADO O ANALÍTICO NO CONTROLADO | |
| Título relacionado o analítico no controlado | Three tenant families. |
| 910 ## - DATOS DE OPCIÓN DEL USUARIO (OCLC) | |
| Datos de opción del usuario | Catalogación derivada |
| Estado de retiro | Estado de pérdida | Restricciones de uso | No para préstamo | Código de colección | Localización permanente | Ubicación/localización actual | Ubicación en estantería | Fecha de adquisición | Número de inventario | Total de préstamos | Signatura topográfica completa | Código de barras | Fecha visto por última vez | Precio válido a partir de | Tipo de ítem Koha |
|---|---|---|---|---|---|---|---|---|---|---|---|---|---|---|---|
| Excluido de préstamo | Monografías: Libros y Folletos | General | General | En catalogación | 07.04.2010 | LF1 | 917.61 | 17966-10 | 25.06.2020 | 25.06.2020 | No se presta |
